Guess the Kendrick Lamar Song by Lyrics - Statistics

General Stats
  • This quiz has been taken 148 times
  • The average score is 6 of 20
Answer Stats
Lyrics Song Title % Correct
I pray they my real friends, if not, I'm YNW Melly euphoria
62%
She a fan, he a flop, they just wanna kumbaya, nah luther
60%
Tell 'em Kendrick did it gnx
55%
Have you ever thought that OVO is workin' for me? 6:16 in LA
52%
If I told you that a flower bloomed in a dark room, would you trust it? Poetic Justice
48%
I was gonna kill a couple rappers, but they did it to themselves King Kunta
47%
I've got 25 lighters on my dresser, yessir Backseat Freestyle
44%
Take off them fabricate streams and the microwave memes N95
39%
Who said a Black man in the Illuminati? Last time I checked, that was the biggest racist party HiiiPower
30%
It's the Ben Frank murderer, Mister I Ain't Heard Of Ya hey now
27%
Wake up in the mornin', thinkin' 'bout money, kick your feet up LUST.
25%
You even FaceTime'd instead of a hospital visit u
25%
I see jiggaboos, I see Styrofoams untitled 02
24%
I'll crack the egg in your basket Rigamortus
23%
His momma died, I asked him why he goin' back to work so soon? Father Time
22%
Channel 9, uh, cameras is lookin' Sing About Me, I'm Dying of Thirst
19%
No boat, I float better than he would These Walls
15%
Life to me like a box of chocolate Institutionalized
13%
Shimmy ya, shimmy ya, shimmy ya, rah LOYALTY.
12%
Grown-up candy for pain, can we live in a sane society? good kid
4%
No matching quizzes found
Score Distribution
Percent of People with Each Score
Percentile by Number Answered
Your Score History
You have not taken this quiz